| 000 -LEADER |
| fixed length control field |
01642nam a2200253 a 4500 |
| 003 - CONTROL NUMBER IDENTIFIER |
| control field |
AR-BaISA |
| 005 - DATE AND TIME OF LATEST TRANSACTION |
| control field |
20240306174725.0 |
| 006 - FIXED-LENGTH DATA ELEMENTS--ADDITIONAL MATERIAL CHARACTERISTICS |
| fixed length control field |
aao||fr|||| 000 0 |
| 007 - PHYSICAL DESCRIPTION FIXED FIELD--GENERAL INFORMATION |
| fixed length control field |
ta |
| 008 - FIXED-LENGTH DATA ELEMENTS--GENERAL INFORMATION |
| fixed length control field |
240306s2007 sp ao||f |||| 000 0 spa d |
| 020 ## - INTERNATIONAL STANDARD BOOK NUMBER |
| International Standard Book Number |
9788496571600 |
| 040 ## - CATALOGING SOURCE |
| Language of cataloging |
spa |
| Transcribing agency |
AR-BaISA |
| 082 04 - DEWEY DECIMAL CLASSIFICATION NUMBER |
| Edition number |
22 |
| Classification number |
370.982 C751 |
| 100 1# - MAIN ENTRY--PERSONAL NAME |
| 9 (RLIN) |
3322 |
| Personal name |
Cucuzza, Héctor Rubén |
| Relator term |
aut. |
| 245 10 - TITLE STATEMENT |
| Title |
Yo argentino: |
| Remainder of title |
la construcción de la Nación en los libros escolares (1873-1930) / |
| Statement of responsibility, etc. |
Héctor Rubén Cucuzza |
| 260 ## - PUBLICATION, DISTRIBUTION, ETC. |
| Place of publication, distribution, etc. |
Madrid: |
| Name of publisher, distributor, etc. |
Miño y Dávila, |
| Date of publication, distribution, etc. |
2007 |
| 300 ## - PHYSICAL DESCRIPTION |
| Extent |
127 p.: |
| Other physical details |
il., graf. |
| 504 ## - BIBLIOGRAPHY, ETC. NOTE |
| Bibliography, etc. note |
Bibliografía p.: 119-127 |
| 505 ## - FORMATTED CONTENTS NOTE |
| Title |
LA NACIÓN COMO PROBLEMA TEÓRICO E HISTORIOGRÁFICO: |
| -- |
Cuestiones introductorias -- |
| -- |
La construcción de la nación para el "nacionalismo romántico": el inmigrante anglosajón imaginado -- |
| -- |
La construcción de la nación para el "nacionalismo oligárquico liberal": el inmigrante latino no esperado, el otro indígena negado -- |
| -- |
La construcción de la nación para el "nacionalismo patriótico conservador": la amenaza del inmigrante internacionalista -- |
| -- |
La construcción de la nación para los heterogéneos nacionalismo emergentes hacia la crisis del ´30: nacionalismo filofacista y nacionalismo popular -- |
| -- |
LA CONSTRUCCIÓN DE LA NACIÓN EN LOS LIBROS DE LECTURA: |
| -- |
La idea de patria -- |
| -- |
Las fechas fundacionales -- |
| -- |
Los símbolos nacionales -- |
| -- |
El panteón de los héroes -- |
| -- |
La imagen de los otros: inmigrantes, indios, mestizos |
| 650 14 - SUBJECT ADDED ENTRY--TOPICAL TERM |
| 9 (RLIN) |
287 |
| Topical term or geographic name entry element |
Educación |
| Form subdivision |
historia |
| Geographic subdivision |
Argentina |
| 650 14 - SUBJECT ADDED ENTRY--TOPICAL TERM |
| 9 (RLIN) |
3323 |
| Topical term or geographic name entry element |
Construcción social de la identidad |
| 650 14 - SUBJECT ADDED ENTRY--TOPICAL TERM |
| 9 (RLIN) |
3324 |
| Topical term or geographic name entry element |
Nación-Estado |
| 942 ## - ADDED ENTRY ELEMENTS (KOHA) |
| Source of classification or shelving scheme |
|
| Koha item type |
Libros |
| Edition |
22 |